| 000 | 01538nam a22002417a 4500 | ||
|---|---|---|---|
| 999 |
_c64120 _d64120 |
||
| 003 | Ge_BSU | ||
| 005 | 20260408120535.0 | ||
| 008 | 260408s2019 ge ||||| |||| 00| 0 geo d | ||
| 020 | _a9789941258206 | ||
| 041 | _ageo | ||
| 080 | _a811.353.1(072) : 821.353.1(072) ფ-66 | ||
| 100 |
_aფიფია, რუსუდან _927290 |
||
| 245 |
_aქართული ენისა და ლიტერატურის სწავლების თანამედროვე პარადიგმები : _b [დამხმარე სახელმძღვანელო] / _cრუსუდან ფიფია; რედაქტორი მაკა სახურია; სოხუმის სახელმწ. უნივერსიტეტი. |
||
| 264 |
_aთბილისი : _b მერიდიანი, _c2019. |
||
| 300 |
_a300 გვ. ; _b24 სმ. |
||
| 504 | _aბიბლიოგრაფია სტატიების ბოლოს. | ||
| 520 | _aრეზიუმე ინგლისურ ენაზე. | ||
| 653 | _aქართული ენის სწავლების მეთოდიკა. | ||
| 653 | _aქართული ლიტერატურის სწავლების მეთოდიკა | ||
| 700 |
_aსახურია, მაკა _eრედაქტორი _927291 |
||
| 710 |
_aსოხუმის სახელმწ. უნივერსიტეტი. _927292 |
||
| 942 |
_2udc _cᲬᲘᲒᲜᲘ |
||